000 00632nam a2200205Ia 4500
005 20221220103540.0
008 131103s9999 xx 000 0 und d
040 _aLoreto College
041 _aEnglish
082 _a813.52
_bFIT-GOI
100 _aGoldhurst, William
245 _aF. Scott Fitzgerald and his contemporaries
_cWilliam Goldhurst
260 _aCleveland
_bWorld Publishing co
_c1963
300 _a247p
504 _aIncludes bibliographical references and index
650 _aAmerican Literature - History and Criticism
651 _aAmerican Fiction - History and Criticism
850 _aLCLIB
942 _cBK
999 _c16515
_d66994